| 000 | 01029cam a22002895a 4500 | ||
|---|---|---|---|
| 001 | 18731193 | ||
| 005 | 20161101112302.0 | ||
| 008 | 150805t2015 njua frb 001 0 eng d | ||
| 020 | _a9789814678803 | ||
| 040 |
_aYDXCP _beng _cYDXCP _erda _dOCLCO _dCDX _dOCLCQ _dNKM _dIUL _dOCLCF _dSINLB _dDLC _dEG-ScBUE |
||
| 043 | _ad------ | ||
| 082 | 0 | 4 |
_a332.673 _222 _bTAN |
| 100 | 1 |
_aTan, Khee Giap. _940851 |
|
| 245 | 1 | 0 |
_aForeign direct investment and small and medium enterprises : _bproductivity and access to finance / _cKhee Giap Tan, Kong Yam Tan. |
| 250 | _a1st ed. | ||
| 260 |
_aNew Jersey : _bWorld Scientific, _cc.2015. |
||
| 300 |
_a161 p. : _bill. ; _c26 cm |
||
| 500 | _aIndex : p. 161. | ||
| 504 | _aIncludes bibliographical references. | ||
| 590 | _ashima | ||
| 650 | 7 |
_aSmall business _zDeveloping countries _xFinance. _2BUEsh _940852 |
|
| 650 | 7 |
_aInvestments, Foreign _zDeveloping countries. _2BUEsh _932132 |
|
| 651 | _2BUEsh | ||
| 653 |
_bBUSECO _cAugust 2016 _cNovember2016 |
||
| 700 | 1 | _aTan, Kogn Yam. | |
| 942 | _2ddc | ||
| 999 |
_c22224 _d22196 |
||